Które państwo ma wyższe HDI? - Statystyki

Ogólne statystyki
  • Ten quiz został rozwiązany 42 razy
  • Średni wynik to 9 z 15
Statystyki odpowiedzi
Zagadnienie Odpowiedź % Poprawnych
Które państwo ma wyższe HDI? Niemcy
100%
Które państwo ma wyższe HDI? San Marino
100%
Które państwo ma wyższe HDI? Singapur
100%
Które państwo ma wyższe HDI? Oman
89%
Które państwo ma wyższe HDI? Arabia Saudyjska
78%
Które państwo ma wyższe HDI? Polska
78%
Które państwo ma wyższe HDI? Szwajcaria
78%
Które państwo ma wyższe HDI? Kenia
67%
Które państwo ma wyższe HDI? Mołdawia
56%
Które państwo ma wyższe HDI? Japonia
44%
Które państwo ma wyższe HDI? Nowa Zelandia
44%
Które państwo ma wyższe HDI? Ghana
33%
Które państwo ma wyższe HDI? Togo
33%
Które państwo ma wyższe HDI? Republika Środkowoafrykańska
22%
Które państwo ma wyższe HDI? Tanzania
11%
Nie znaleziono quizów pasujących do podanych kryteriów
Rozkład punktacji
Procent ludzi z każdym wynikiem
Percentyl według liczby udzielonych odpowiedzi
Twoja historia wyników
Nie rozwiązałeś tego quizu